BRICS Üyeleri - Armageddon - Statistics

General Stats
  • This quiz has been taken 36 times
  • The average score is 6 of 10
Answers on the Grid
Answers color-coded by a green-red scale on the quiz's grid according to % correct below.
Azerbaycan
BAE
Brezilya
Çin
Endonezya
Etiyopya
Güney Afrika
Gürcistan
Hindistan
İran
İsrail
Japonya
Kanada
Kazakistan
Lübnan
Mısır
Nijer
Rusya
Suriye
Türkiye
Ürdün
 
Answer Stats
Answer % Correct
Çin
88%
Rusya
83%
Brezilya
79%
Hindistan
75%
İran
75%
Güney Afrika
67%
BAE
33%
Etiyopya
33%
Mısır
29%
Endonezya
21%
No matching quizzes found
Score Distribution
Percent of People with Each Score
Percentile by Number Answered
Your Score History
You have not taken this quiz